Folclor médico chileno

Сохранить в:
Библиографические подробности
Главный автор: Plath, Oreste (Автор)
Формат:
Язык:испанский
Опубликовано: Santiago Grijalbo 2000
Редактирование:2a. ed
Предметы:
Метки: Добавить метку
Нет меток, Требуется 1-ая метка записи!

MARC

LEADER 00000nam a2200000 a 4500
001 UCI1783
003 CL-VaPUC
008 070713e20000800CL |||||||||||||||||spa|d
020 |a 9562580547 
082 0 4 |a 398.353  |b PLA  |2 21 
100 0 |a Plath, Oreste  |e author  |9 330038 
245 1 0 |a Folclor médico chileno 
250 |a 2a. ed 
300 |a 308 p 
942 |c BK 
945 |d 20070713 00:00:00  |a castudil 
260 |a Santiago  |b Grijalbo  |c 2000 
650 0 |a Folklore chileno  |9 265536 
650 7 |a FOLKLORE  |2 CL-VaPUC  |9 268291 
650 7 |a COSTUMBRES  |2 CL-VaPUC  |9 337506 
650 7 |a TRADICIONES  |2 CL-VaPUC  |9 367367 
650 0 |a Medicina   |9 258507 
650 0 |a Musicoterapia   |9 308156 
650 7 |a MAGIA  |2 CL-VaPUC  |9 319651 
650 0 |a Creencias  |9 313510 
650 7 |a RELIGIOSIDAD POPULAR  |2 CL-VaPUC  |9 522452 
651 7 |a CHILE  |2 CL-VaPUC  |9 522453 
583 |a last modification  |c 20070713 00:00:00  |k Rodrigo Vera 
999 |c 326519  |d 326517 
952 |0 0  |1 0  |4 0  |6 398_353000000000000_PLA_2000  |7 0  |8 X  |9 408442  |a FDOMLP  |b FDOMLP  |d 2019-11-22  |i 4299515  |o 398.353 PLA 2000  |p 4299515  |r 2019-11-22  |w 2019-11-22  |y BK_X  |k BU2